Online
Catalog

1er año de gestión municipal periodo 86-90 : (Record no. 27823)

MARC details
000 -CABECERA
campo de control de longitud fija 00696nam a2200181 a 4500
001 - NÚMERO DE CONTROL
campo de control 000028331
005 - FECHA Y HORA DE LA ÚLTIMA TRANSACCIÓN
campo de control 20200930031540.0
008 - DATOS DE LONGITUD FIJA--INFORMACIÓN GENERAL
campo de control de longitud fija 110408s1990 dr 000 0 spa d
040 ## - FUENTE DE LA CATALOGACIÓN
Centro catalogador/agencia de origen DO-SdBNP
Lengua de catalogación spa
Centro/agencia transcriptor BNPHU
082 ## - NÚMERO DE LA CLASIFICACIÓN DECIMAL DEWEY
Número de clasificación xxxx
Número de documento/Ítem Q59
049 ## - FONDOS LOCALES (OCLC)
Fondos de biblioteca BNPD
100 1# - ENTRADA PRINCIPAL--NOMBRE DE PERSONA
Nombre de persona Quezada Ponceano, Julián
9 (RLIN) 55313
245 10 - MENCIÓN DE TÍTULO
Título 1er año de gestión municipal periodo 86-90 :
Resto del título obra cumbre /
Mención de responsabilidad, etc. Julián Quezada Ponceano,.
246 10 - FORMA VARIANTE DE TÍTULO
Título propio/Titulo breve Primer año de gestión municipal periodo 86-90 :
Resto del título obra cumbre
260 ## - PUBLICACIÓN, DISTRIBUCIÓN, ETC.
Lugar de publicación, distribución, etc. Sabana Grande de Boyá, República Dominicana :
Nombre del editor, distribuidor, etc. Ayuntamiento municipal de Sabana Grande de Boyá,
Fecha de publicación, distribución, etc. [1990?].
300 ## - DESCRIPCIÓN FÍSICA
Extensión 91 cm. :
Otras características físicas il., retrs. ;
Dimensiones 21 cm.
500 ## - NOTA GENERAL
Nota general Título tomado de la cubierta
Holdings
Estado de retiro Estado de pérdida No para préstamo Código de colección Localización permanente Ubicación/localización actual Ubicación en estantería Fecha de adquisición Número de inventario Total de préstamos Signatura topográfica completa Código de barras Fecha visto por última vez Precio válido a partir de Tipo de ítem Koha Número de copia
    Excluido de préstamo Patrimonio Dominicano Patrimonio Dominicano Patrimonio Dominicano En catalogación 08.04.2011 LF1   xxxx Q59 28331-10 25.06.2020 25.06.2020 Libro y Folleto Colección Patrimonio Dominicano  
    Excluido de préstamo Patrimonio Dominicano Patrimonio Dominicano Patrimonio Dominicano En catalogación 11.04.2011 LF1   xxxx Q59 28331-20 25.06.2020 25.06.2020 Libro y Folleto Colección Patrimonio Dominicano e. 2, extraviado

Powered by Koha